000 00435pab a2200157 454500
008 180718b2001 xxu||||| |||| 00| 0 eng d
100 _aGoolsbee, Austan
245 _aThe implication of electronic commerce for fiscal policy (and vice versa)
260 _c2001
300 _ap.13-23
362 _aWinter
650 _aFiscal policy
650 _aElectronic commerce
773 _aJournal of Economic Perspectives
909 _a48515
999 _c48515
_d48515